Metody a postupy plánovania potrieb materiálov v rámci automatizovaného systému riadenia v podnikoch stavebnej výroby

Na minha lista:
Detalhes bibliográficos
Autor principal: Jaborník, Miroslav
Formato: Livro
Idioma:eslovaco
Publicado em: Bratislava Alfa 1984
Tags: Adicionar Tag
Sem tags, seja o primeiro a adicionar uma tag!

MARC

LEADER 00000nam a2200000 4500
001 c112321
005 20041019155152.6
041 0 |a slo 
044 |a SK 
245 1 0 |a Metody a postupy plánovania potrieb materiálov v rámci automatizovaného systému riadenia v podnikoch stavebnej výroby  |c Miroslav Jaborník 
264 1 |a Bratislava  |b Alfa  |c 1984 
300 |a 136 s. 
100 1 |a Jaborník, Miroslav